Real cities : (Record no. 1041)

000 -LEADER
fixed length control field 00574nam a2200193 a 4500
003 - CONTROL NUMBER IDENTIFIER
control field BD-DhUET
008 - FIXED-LENGTH DATA ELEMENTS--GENERAL INFORMATION
fixed length control field 140827b xxu||||| |||| 00| 0 eng d
020 ## - INTERNATIONAL STANDARD BOOK NUMBER
International Standard Book Number 0761970428
040 ## - CATALOGING SOURCE
Original cataloging agency UKM
Transcribing agency UKM
Modifying agency BD-DhUET
082 04 - DEWEY DECIMAL CLASSIFICATION NUMBER
Classification number 307.76
Item number PIL/2005
100 1# - MAIN ENTRY--PERSONAL NAME
Personal name Pile, Steve,
245 10 - TITLE STATEMENT
Title Real cities :
Remainder of title modernity, space and the phantasmagorias of city life /
Statement of responsibility, etc. by Steve Pile.
250 ## - EDITION STATEMENT
Edition statement 1st ed.
260 ## - PUBLICATION, DISTRIBUTION, ETC. (IMPRINT)
Place of publication, distribution, etc. London ;
Name of publisher, distributor, etc. SAGE Publications,
Date of publication, distribution, etc. 2005.
300 ## - PHYSICAL DESCRIPTION
Extent xi, 216 p. :
Other physical details ill., map ;
Dimensions 25 cm.
504 ## - BIBLIOGRAPHY, ETC. NOTE
Bibliography, etc Includes bibliographies
650 #0 - SUBJECT ADDED ENTRY--TOPICAL TERM
Topical term or geographic name as entry element Cities and towns
942 ## - ADDED ENTRY ELEMENTS (KOHA)
Koha item type General Book
Holdings
Sublocation or collection (holding branch) Date acquired Damaged status Piece designation (barcode) Koha full call number Location (home branch) Withdrawn status Koha date last seen Koha normalized classification for sorting Lost status Copy number Source of classification or shelving scheme Price effective from Not for loan Koha item type Shelving location
Central Library, BUET2014-08-27 104880307.76/PIL/2005Central Library, BUET 2014-08-27307_000000000000000_76PIL2005 1 2014-08-27 General BookCirculation section
Central Library, BUET2014-08-27 104881307.76/PIL/2005Central Library, BUET 2014-08-27307_000000000000000_76PIL2005 2 2014-08-27 General BookCirculation section